000 00271nam a2200097Ia 4500
082 _a133.6 ALTM
245 0 _aPalmistry : the universal guide
100 _a Altman, Nathaniel, New York,, [c.2009]
_973516
942 _cBK
008 210817s9999 xx 000 0 und d
999 _c240882
_d240881